বস্টনের পথে / (Record no. 1809)
[ view plain ]
| 000 -LEADER | |
|---|---|
| fixed length control field | 00780nam a2200229 a 4500 |
| 001 - CONTROL NUMBER | |
| JCCL Control Number | 1809 |
| 003 - CONTROL NUMBER IDENTIFIER | |
| JCCL marc code | BD-JhCC |
| 005 - DATE AND TIME OF LATEST TRANSACTION | |
| control field | 20171107134544.0 |
| 008 - FIXED-LENGTH DATA ELEMENTS--GENERAL INFORMATION | |
| fixed length control field | 171024s1969 bg ||||| |||| 00| 0 ben d |
| 035 ## - SYSTEM CONTROL NUMBER | |
| system control number | (BD-JhCC)1809 |
| 040 ## - CATALOGING SOURCE | |
| Original cataloging agency | BD-JhCC |
| Modifying agency | BD-JhCC |
| 041 ## - LANGUAGE CODE | |
| Language code of Book | ben |
| 082 ## - DEWEY DECIMAL CLASSIFICATION NUMBER | |
| Classification number | 813 |
| Author mark and Year | CHA 1969 |
| 100 ## - MAIN ENTRY--PERSONAL NAME | |
| Personal name | চেজ, মেরী এলেন |
| 245 ## - TITLE STATEMENT | |
| Title | বস্টনের পথে / |
| Remainder of title | মেরী এলেন চেজ : |
| Statement of responsibility, etc | ডক্টর নীলিমা ইব্রাহিম |
| 260 ## - PUBLICATION, DISTRIBUTION, ETC. (IMPRINT) | |
| Place of publication, distribution, etc | ঢাকা : |
| Name of publisher, distributor, etc | বুক ভিলা |
| Date of publication, distribution, etc | 1969. |
| 300 ## - PHYSICAL DESCRIPTION | |
| Pagination | 89 P. : |
| Dimensions | 21 cm. |
| 650 ## - SUBJECT ADDED ENTRY--TOPICAL TERM | |
| Topical term or geographic name as entry element | Polish Americans |
| 700 ## - ADDED ENTRY--PERSONAL NAME | |
| Personal name | চেজ, মেরী এলেন |
| Fuller form of name | ইব্রাহিম, ডক্টর নীলিমা |
| 942 ## - ADDED ENTRY ELEMENTS (KOHA) | |
| Source of classification or shelving scheme | Dewey Decimal Classification |
| Koha item type | Books |
| Source of classification or shelving scheme | Damaged status | Not for loan | Home library | Current library | Shelving location | Date of accession | Cost, normal purchase price | Total Checkouts | Full call number | Barcode | Date last seen | Copy number | Koha item type |
|---|---|---|---|---|---|---|---|---|---|---|---|---|---|
| Dewey Decimal Classification | JCC Rouf Library | JCC Rouf Library | General Stacks | 10/24/2017 | 2.25 | 813 CHA 1969 | 2980 | 10/24/2017 | C-1 | Books |